La puerta de la esperanza
Đã lưu trong:
| Tác giả chính: | |
|---|---|
| Tác giả khác: | |
| Định dạng: | Sách |
| Ngôn ngữ: | Tiếng Tây Ban Nha |
| Được phát hành: |
Barcelona
Ediciones Rialp
1991
Barcelona Planeta 1991 |
| Phiên bản: | 19a. ed |
| Những chủ đề: | |
| Các nhãn: |
Thêm thẻ
Không có thẻ, Là người đầu tiên thẻ bản ghi này!
|
MARC
| LEADER | 00000cam a2200000 a 4500 | ||
|---|---|---|---|
| 001 | UCE9511 | ||
| 003 | CL-VaPUC | ||
| 008 | 151022e19910000sp |||||||||||||||||spa|d | ||
| 020 | |a 8432066435 | ||
| 082 | 0 | 4 | |a 616 |b VAL |2 21 |
| 100 | 0 | |a Vallejos-Nágera, Juan Antonio |e author |9 582365 | |
| 700 | |a Olaizola, José Luis |e autor |9 595446 | ||
| 245 | 1 | 3 | |a La puerta de la esperanza |
| 250 | |a 19a. ed | ||
| 300 | |a 255 p | ||
| 942 | |c BK | ||
| 945 | |d 20151022 17:18:00 |a gsalatino | ||
| 260 | |a Barcelona |b Ediciones Rialp |c 1991 | ||
| 260 | |a Barcelona |b Planeta |c 1991 | ||
| 650 | 0 | |a Autoayuda |9 317869 | |
| 650 | 0 | |a Desarrollo Personal |9 390751 | |
| 583 | |a last modification |c 20151029 04:14:55 |k Rodrigo Vera | ||
| 999 | |c 361175 |d 361173 | ||
| 952 | |0 0 |1 0 |3 erb |4 0 |6 616_000000000000000_VAL_1991_1991 |7 0 |8 C |9 471539 |a BIBCUR |b BIBCUR |i 5206103 |o 616 VAL 1991 1991 |p 5206103 |r 2025-04-22 |w 2019-11-24 |y BK |z Catalogado en:20151022 |k CAC | ||